| 000 | 00686nam a22002417a 4500 | ||
|---|---|---|---|
| 005 | 20170124110002.0 | ||
| 010 | _a565571 | ||
| 020 | _c3.50 | ||
| 035 | _a565571 | ||
| 037 | _bCen Lib/Ret | ||
| 040 |
_aDPL _bEN |
||
| 082 |
_a347.7 _bCHA |
||
| 100 |
_aChakravotty, Harasit _915940 |
||
| 245 |
_aW.B. shops & establishemnt act, 1963 and W.B. shops & establishment rules, 1964 / _cby Harasit Chakravortty |
||
| 246 | _b | ||
| 250 | _a3rd ed | ||
| 260 |
_bLaw Chamber _c1965 _aCalcutta |
||
| 270 |
_bCalcutta _aP.36 Radha bazar street |
||
| 300 |
_aix,47p. _c19cm(Hb) |
||
| 650 |
_aLaw _9104 |
||
| 650 |
_aAct law _971918 |
||
| 942 |
_2ddc _cEN _h347.7 _mCHA |
||
| 999 |
_c125906 _d125906 |
||